Ariana Grande Songs Quiz (2026) - Statistics

General Stats
  • This quiz has been taken 12,579 times
    2,444 since last reset
  • The average score is 71 of 129
Answer Stats
Album/EP Song % Correct
thank u, next
93%
Dangerous Woman
89%
positions
87%
7 rings
85%
34+35
82%
sweetener
80%
eternal sunshine
78%
eternal sunshine deluxe: brighter days ahead intro (end of the world)
77%
intro (end of the world) - extended
77%
God is a woman
76%
no tears left to cry
76%
Into You
75%
Christmas & Chill | My Everything Intro
75%
Side To Side
74%
we can't be friends (wait for your love)
74%
My Everything
72%
One Last Time
72%
Problem
71%
The Way
71%
Break Free
70%
Yours Truly Honeymoon Avenue
70%
pov
70%
Santa Tell Me
70%
the boy is mine
70%
yes, and?
70%
break up with your girlfriend, i'm bored
68%
ghostin
68%
NASA
68%
breathin
67%
needy
67%
Baby I
66%
bloodline
66%
bye
66%
thank u, next imagine
66%
Bang Bang
65%
Love Me Harder
65%
pete davidson
65%
supernatural
65%
dandelion
64%
Dangerous Woman Moonlight
64%
R.E.M
63%
Hampstead
62%
Sweetener raindrops (an angel cried)
62%
the light is coming (feat. Nicki Minaj)
62%
Greedy
61%
motive (with Doja Cat)
61%
twilight zone
61%
Everyday
60%
everytime
60%
my hair
60%
bad idea
59%
make up
59%
off the table (with The Weeknd)
59%
Focus
58%
safety net (feat. Ty Dolla $ign)
58%
Positions shut up
58%
blazed (feat. Pharrell Williams)
57%
goodnight n go
57%
in my head
57%
ordinary things (feat. Nonna)
57%
Piano
57%
successful
57%
Tattooed Heart
57%
fake smile
56%
Let Me Love You
56%
get well soon
55%
imperfect for you
55%
past life
55%
Touch It
55%
true story
55%
warm
55%
don't wanna break up again
54%
Popular Song
54%
borderline (feat. Missy Elliot)
53%
nasty
53%
Right There
53%
better off
52%
i wish i hated you
52%
Be Alright
51%
west side
51%
Jason's Song (Gave It Away)
50%
just like magic
50%
Almost Is Never Enough
49%
Daydreamin'
49%
six thirty
49%
Be My Baby
48%
Best Mistake
48%
boyfriend (with Social House)
48%
Leave Me Lonely
48%
love language
48%
Knew Better / Forever Boy
47%
obvious
47%
test drive
47%
Saturn Returns Interlude
45%
Sometimes
45%
Thinking Bout You
45%
Why Try
45%
Bad Decisions
44%
Hands On Me
44%
Christmas Kisses Last Christmas
44%
Only 1
44%
Break Your Heart Right Back
43%
Just A Little Bit Of Your Heart
42%
worst behavior
41%
December
40%
main thing
40%
Santa Baby
39%
Step On Up
39%
You'll Never Know
39%
Better Left Unsaid
38%
Stuck With U (with Justin Bieber)
38%
I Don't Care
37%
Lovin' It
37%
someone like u - interlude
36%
Singles/Other Songs Put Your Hearts Up
35%
You Don't Know Me
35%
MONOPOLY (with Victoria Monét)
34%
Winter Things
33%
Cadillac Song
30%
Snow In California
29%
True Love
29%
Don't Call Me Angel
26%
Wit It This Christmas
26%
Too Close
24%
Love Is Everything
22%
Not Just On Christmas
22%
Somewhere Over The Rainbow (Live From Manchester)
10%
A Hand For Mrs. Claus
6%
No matching quizzes found
Score Distribution
Percent of People with Each Score
Percentile by Number Answered
Your Score History
You have not taken this quiz since the last reset